Selected speeches and writings of Indira Gandhi 1982-84/ (Record no. 68890)

MARC details
000 -LEADER
fixed length control field 00970nam a22002177a 4500
005 - DATE AND TIME OF LATEST TRANSACTION
control field 20120806122543.0
010 ## - LCCN (DPL NO)
LC control number B-454808-809
020 ## - INTERNATIONAL STANDARD BOOK NUMBER
Terms of availability 75.00 (vols.V)
035 ## - SYSTEM CONTROL NUMBER
System control number B-454808-809
037 ## - SOURCE OF ACQUISITION
Stock number dpl
Source of stock number/acquisition Allied Pub/Ven
082 ## - DEWEY DECIMAL CLASSIFICATION NUMBER
Classification number 080
245 ## - TITLE STATEMENT
Title Selected speeches and writings of Indira Gandhi 1982-84/
260 ## - PUBLICATION, DISTRIBUTION, ETC. (IMPRINT)
Place of publication, distribution, etc New Delhi
Name of publisher, distributor, etc Publication Division
Date of publication, distribution, etc 1986 (vols.V)
270 ## - ADDRESS
Address Super Bazar Connaught Circus
City New Delhi
300 ## - PHYSICAL DESCRIPTION
Extent 511 p. (vols.V)
Dimensions 23cm
500 ## - GENERAL NOTE
General note index
942 ## - ADDED ENTRY ELEMENTS (KOHA)
Source of classification or shelving scheme Dewey Decimal Classification
Item type English Books
Call number suffix SEL
Classification part 080
Holdings
Withdrawn status Lost status Materials specified (bound volume or other part) Not for loan Collection code Home library Current library Date acquired Source of acquisition Cost, normal purchase price Full call number Barcode Copy number Cost, replacement price Koha item type
  Written-off vide DLB M. No. 383 dt 16.05.19 V.5   Non-fiction Central Library Central Library 13/08/2012 Allied Pub/1155/27.09.2011/85/24/03.2011/30.11.2011 75.00 080 SEL B-454808 1 75.00 English Books
    V.5   Non-fiction Sarojini Nagar Sarojini Nagar 13/08/2012 Allied Pub/1155/27.09.2011/85/24/03.2011/30.11.2011 75.00 080 SEL B-454809 1 75.00 English Books

© Delhi Public Library
Hit Counter
free hit counter